000 00326nam a22001457a 4500
999 _c15517
_d15517
003 OSt
008 180829b ||||| |||| 00| 0 eng d
020 _a8185167257
082 _a664.0284
_bMAT/SO
100 _aMathur, A.N
_93289
245 _aSolar drying
260 _aUdaipur
_bHimanshu
_c1989
300 _a228
942 _cBK